[Event "FIDE Zonal 2.5 Open 2019"]
[Site "Montevideo"]
[Date "2019.04.15"]
[Round "4.9"]
[White "Larrea, Manuel"]
[Black "Carbone, Diego"]
[Result "1/2-1/2"]
[WhiteElo "2230"]
[BlackElo "2277"]
[Annotator "TA"]
[PlyCount "136"]
[EventDate "2019.04.13"]
[EventType "swiss"]
[EventCountry "URU"]
[SourceTitle "playchess.com"]
[Source "ChessBase"]
[SourceQuality "1"]

{[%evp 10,136,13,13,13,13,10,11,9,13,23,0,0,-16,-15,-6,-12,-15,-6,-7,0,-7,0,-18,0,-12,-16,-14,-18,-11,25,22,113,119,93,62,79,64,73,72,66,71,460,227,220,214,232,223,264,259,649,653,1031,262,234,37,187,10,44,0,0,0,0,0,8,0,11,5,67,67,220,220,206,210,220,218,212,100,100,100,93,68,68,75,93,42,44,0,0,0,0,0,0,0,0,0,22,0,0,0,0,0,0,0,0,0,0,0,0,0,0,0,0,0,0,0,0,0,0,0,0,0,0,0,0,0,0,0,0]} 1. e4 e5 2. Nf3 Nc6 3. Bc4 Bc5 4. c3 Nf6 5. d3 d6 6. O-O a5 {C54: Giuoco Piano: 4 c3 Nf6, main lines with 5 d4 and 5 d3} (6... a6 7. a4 O-O 8. Re1 h6 9. h3 a5 10. Nbd2 Be6 11. b3 d5 12. exd5 Nxd5 13. Ne4 Bb6 14. Ra2 f5 15. Ng3 Qf6 16. Nxe5 Nxe5 {½-½ (40) Ding,L (2813)-Anand,V (2773) Wijk aan Zee 2019}) 7. h3 h6 8. d4 Bb6 9. Re1 O-O 10. Bb3 Bd7 $146 ({Predecessor:} 10... Re8 11. d5 Ne7 12. Nbd2 Ng6 13. Nf1 Nh5 {1-0 (39) Ibrahim,H (2334)-Mostafa,A (1963) Cairo 2016}) 11. Nbd2 (11. Be3 {keeps more tension.} exd4 12. Bxd4 Nxd4 13. cxd4 Re8 14. Nc3) 11... exd4 12. Nc4 dxc3 {next ...Bc5 is good for Black.} 13. Nxb6 cxb2 14. Bxb2 cxb6 15. Qxd6 {aiming for Bxf6.} Be6 16. Qf4 a4 17. Bc2 a3 18. Bc3 b5 19. Rad1 Qe7 20. e5 $1 {[%cal Re5f6]} Nd7 (20... Nh7 $1 $11 {keeps the balance.}) 21. Qe4 $16 {[%csl Gc2][%cal Re4h7][%mdl 1024] White has strong compensation.} g6 22. Qf4 Kg7 $1 23. Rd6 $1 b4 24. Bd2 Rh8 25. Nd4 Nf8 $2 {[%mdl 8192]} (25... Nxd4 $16 {is a better chance.} 26. Qxd4 (26. Rxd4 b3 $11) 26... Rhc8) 26. Nxc6 (26. Rxc6 $142 bxc6 27. Nxc6 {[%mdl 64] Double Attack}) 26... bxc6 $18 27. Bxb4 ({Don't do} 27. Rxc6 $6 b3 $16) 27... Qg5 28. Qf3 $1 Bd5 29. Be4 $1 {[%cal Re4d5]} Bxe4 $2 (29... Bxa2 30. Bxc6 Rb8) 30. Rxe4 c5 31. Bxa3 $2 (31. e6 fxe6 32. Bc3+ Kg8 33. Rexe6 Nxe6 34. Qxa8+ {[%mdl 64] Double Attack} Nf8 35. Rf6 (35. Bxh8 Qc1+ 36. Kh2 Qf4+ 37. g3 Qxd6 $16) 35... Qxf6 36. Bxf6) 31... Ne6 {[#]} 32. Kh2 $2 (32. Rxe6 $1 $18 fxe6 33. Bxc5) 32... h5 {[#]} (32... Qf5 $14 33. Qxf5 gxf5) 33. Rd7 $2 (33. Rxe6 $1 $18 fxe6 34. Bxc5) 33... Rhf8 34. h4 $40 {[%mdl 128] White has some attack.} Qf5 35. Qxf5 gxf5 36. Re3 f4 37. Rb3 Ra5 38. Rf3 Nd4 (38... Ra4 $11) 39. Rxd4 $1 $14 Rxa3 $2 (39... cxd4 $14 40. Bxf8+ Kxf8) 40. Rdxf4 $18 ({Don't take} 40. Rxa3 $6 cxd4 41. Ra7 d3 $16) 40... Rxf3 41. Rxf3 $14 {[%mdl 4096] Endgame KR-KR} Ra8 42. a3 Ra4 43. Rc3 (43. Kg3 $18 {has better winning chances.}) 43... Rxh4+ $16 44. Kg3 Rg4+ 45. Kf3 Ra4 $1 46. g3 Kg6 47. Ke2 ({White should try} 47. Rxc5 $16 Rxa3+ 48. Kg2) 47... Kf5 $1 $14 48. f4 h4 {The position is equal.} 49. gxh4 Kxf4 50. h5 {Threatens to win with h6.} Kg5 51. Rh3 {And now h6 would win.} Kh6 52. Kd2 Re4 53. Kc3 Rxe5 54. Kc4 f5 55. Kb5 f4 56. a4 Rxh5 57. Ra3 Rf5 58. Rf3 Kg5 {Hoping for ...Kg4.} 59. a5 Kg4 60. Rf1 $1 c4+ 61. Kb4 Kg3 {...f3 is the strong threat.} 62. a6 Rf7 63. Ra1 f3 64. a7 Rxa7 65. Rxa7 f2 66. Rf7 Kg2 67. Kxc4 f1=Q+ 68. Rxf1 Kxf1 {Accuracy: White = 43%, Black = 54%.} 1/2-1/2

[Event "FIDE Zonal 2.5 Open 2019"]
[Site "Montevideo"]
[Date "2019.04.15"]
[Round "4.10"]
[White "Michailov, Matias"]
[Black "Curi, Gabriel"]
[Result "1-0"]
[WhiteElo "2264"]
[BlackElo "2202"]
[Annotator "TA"]
[PlyCount "67"]
[EventDate "2019.04.13"]
[EventType "swiss"]
[EventCountry "URU"]
[SourceTitle "playchess.com"]
[Source "ChessBase"]
[SourceQuality "1"]

{[%evp 21,67,0,70,37,112,115,84,39,112,109,122,106,293,242,256,248,238,257,256,235,582,606,622,568,654,622,706,610,641,634,597,466,450,443,565,545,572,568,1701,523,548,534,1082,1078,29983,29984,29997,29998]} 1. e4 e6 2. d4 d5 3. Nc3 Bb4 4. e5 Ne7 5. a3 Bxc3+ 6. bxc3 c5 7. Nf3 Bd7 8. a4 Qa5 9. Bd2 Nbc6 10. Bb5 c4 11. O-O f6 (11... Qd8 $11) 12. Re1 {C19: French: 3 Nc3 Bb4: Main line: 7 Nf3 and 7 a4} a6 (12... f5 $14) 13. Bxc6 $16 Nxc6 14. Qb1 {White is better.} Nd8 $146 {[#]} (14... f5 $14) ({Predecessor:} 14... O-O-O 15. Qb2 Rdg8 16. Qa3 f5 17. Reb1 h6 18. Qd6 Qc7 19. Ra2 Nd8 20. Bc1 {½-½ (20) El Taher,F (2420)-Rodriguez Vila,A (2430) Moscow 1994}) 15. exf6 $1 gxf6 16. Nh4 Bxa4 $2 (16... Nc6 $16 {was necessary.}) 17. Qd1 Kd7 18. Qh5 Rf8 19. Qxh7+ Rf7 20. Qg8 Rc8 $2 (20... Qb5 {is a better chance.} 21. Ng6 Kc8 22. Rxe6 Qd7) 21. Ng6 $18 Rc6 22. Nf8+ Kc8 23. Nxe6 Rd7 24. Nc5 Rxc5 25. dxc5 Qb5 26. Reb1 Qc6 27. Be3 {[#] Black must now prevent Rb6.} d4 28. Bxd4 Bxc2 29. Rb6 Qe4 30. Rd6 (30. c6 $142 bxc6 31. Rbxa6) 30... Bb1 {[%cal Re4e1]} 31. h3 Rxd6 32. cxd6 Qc2 33. Qxc4+ Nc6 34. Qe6+ {[%mdl 64] Double Attack. Accuracy: White = 54%, Black = 18%.} 1-0

[Event "FIDE Zonal 2.5 Open 2019"]
[Site "Montevideo"]
[Date "2019.04.15"]
[Round "4.11"]
[White "Donoso Diaz, Sebastian"]
[Black "Muniz, Rafael"]
[Result "1-0"]
[WhiteElo "2191"]
[BlackElo "2257"]
[Annotator "TA"]
[PlyCount "87"]
[EventDate "2019.04.13"]
[EventType "swiss"]
[EventCountry "URU"]
[SourceTitle "playchess.com"]
[Source "ChessBase"]
[SourceQuality "1"]

{[%evp 18,87,31,36,42,30,37,30,47,43,47,49,54,54,47,31,18,18,56,48,52,38,124,154,156,166,151,41,54,49,19,0,0,0,0,0,0,0,0,0,0,0,0,-30,-16,-88,5,7,0,-27,-18,-28,20,35,73,35,61,0,31,8,8,8,38,50,238,228,776,603,29976,29979,29976,29975]} 1. d4 Nf6 2. c4 e6 3. Nf3 c5 4. d5 exd5 5. cxd5 d6 6. Nc3 g6 7. Bf4 a6 8. a4 Bg7 9. h3 O-O 10. e3 Ne8 {A61: Modern Benoni: Nf3 without early e4} (10... Qe7 11. Bd3 Nbd7 12. O-O Ne8 13. e4 Rb8 14. Re1 Nc7 15. Qd2 Ne5 16. Nxe5 Bxe5 17. Bxe5 Qxe5 18. a5 {1-0 (42) Akobian,V (2647)-Ponkratov,P (2613) Riadh 2017}) 11. Be2 Nd7 12. O-O Qe7 {White has an edge.} 13. a5 Rb8 14. Nd2 Ne5 15. Qb3 Nc7 16. Nc4 $146 ({Predecessor:} 16. Nde4 b5 17. axb6 Na8 18. Qc2 Rxb6 {0-1 (61) Vasquez Schroder,R (2495)-Rojas Keim,L (2340) Barcelona 2019}) 16... Nxc4 17. Bxc4 Be5 18. Bxe5 Qxe5 19. e4 g5 ({Black should play} 19... b5 $14) 20. Qb6 $16 Na8 {[#]} 21. Qa7 $1 {[%cal Ra7b8]} Bd7 22. Ra3 ({Better is} 22. Bxa6 $1 $16 bxa6 23. Qxd7) 22... Bb5 $1 $14 {[%cal Rb5c4]} 23. Bxb5 axb5 {[%cal Ba6b5,Bb5b4][%mdl 32]} 24. Raa1 b4 25. Nb5 Rfd8 26. Rfe1 Qe8 27. Nxd6 $1 Rxd6 28. Qxc5 {[%mdl 64] Double Attack} Qe5 29. Qxb4 Nc7 30. Qc4 Ne8 31. Ra3 (31. b4 $11 {keeps the balance.}) 31... Rf6 (31... Qxb2 $17 32. Qd3 h6) 32. Qc3 $11 Qxc3 33. bxc3 (33. Rxc3 {is more complex.} Ra6 34. b4 f6 35. f3 Kf7 36. Rec1) 33... Ra6 34. e5 Nc7 35. c4 $36 {[%mdl 2048] White has the initiative.} Kf8 36. h4 gxh4 37. f4 (37. Rf3 $14) 37... b5 38. axb6 Rbxb6 39. Rea1 Rxa3 40. Rxa3 Rb4 $2 {[#]} (40... Rb1+ $14 41. Kh2 Rd1) 41. d6 $1 $18 {[%cal Rd6c7]} Ne6 $2 (41... Rxc4 42. dxc7 Rxc7) 42. f5 Rxc4 43. fxe6 fxe6 44. Ra8+ {Accuracy: White = 59%, Black = 40%.} 1-0

[Event "FIDE Zonal 2.5 Open 2019"]
[Site "Montevideo"]
[Date "2019.04.15"]
[Round "4.12"]
[White "Lopez Azambuja, Nicolas"]
[Black "El Ters, Antouan"]
[Result "1/2-1/2"]
[WhiteElo "2328"]
[BlackElo "2181"]
[Annotator "TA"]
[PlyCount "102"]
[EventDate "2019.04.13"]
[EventType "swiss"]
[EventCountry "URU"]
[SourceTitle "playchess.com"]
[Source "ChessBase"]
[SourceQuality "1"]

{[%evp 19,102,41,53,37,72,72,109,96,122,74,78,66,93,57,33,41,47,22,23,-33,-32,-31,-26,-45,-27,-38,-33,-37,0,-43,69,-45,0,-14,0,-14,0,-9,0,0,0,0,42,41,34,18,18,20,37,35,32,33,24,0,24,26,93,10,14,12,10,8,11,0,36,31,24,0,0,0,0,0,0,0,0,0,0,0,0,0,0,0,0,0,24]} 1. c4 Nf6 2. Nc3 g6 3. e4 d6 4. d4 Bg7 5. Nf3 O-O 6. Be2 Nc6 7. d5 Nb8 {[%cal Bc6b8,Bb8d7,Bd7c5][%mdl 32]} 8. O-O Nbd7 9. Bg5 Nc5 10. Qc2 a5 11. Rad1 {E73: King's Indian: Averbakh Variation without 6...c5} Bg4 12. h3 $146 ({Predecessor:} 12. Nd4 Bxe2 13. Qxe2 Qc8 14. f4 Qg4 15. Qe1 h6 16. h3 Qd7 17. Bh4 Nh7 18. e5 g5 19. fxg5 hxg5 {1-0 (35) Melas,R (2165)-Kanceljak,D (1930) Rijeka 2009}) 12... Bd7 13. Rfe1 {White is better.} Qc8 14. Bf1 Re8 15. Be3 b6 16. Bd4 e5 17. dxe6 Nxe6 18. Be3 Bc6 19. Nd4 (19. Nd5 $11) 19... Bxe4 $1 $15 20. Nxe4 Nxe4 21. Nb5 f5 22. g3 Qd7 23. Bg2 Rac8 24. b3 Qf7 {[#]} (24... N6c5 $15) 25. Bc1 ({Better is} 25. Bxb6 $1 $14 {[%mdl 512]} cxb6 26. Bxe4 fxe4 27. Nxd6 {[%mdl 64] Double Attack}) 25... Be5 26. f4 Bf6 27. Bxe4 fxe4 28. Qxe4 Nd4 29. Qd3 Rxe1+ 30. Rxe1 Re8 31. Rxe8+ Qxe8 32. Kf2 Nxb5 33. cxb5 Qd7 34. Qd5+ Kg7 35. g4 Qf7 36. Qd3 d5 37. Be3 h6 {[#]} (37... Qd7 $11 {keeps the balance.}) 38. Kg3 (38. f5 $1 $16) 38... Qe6 $11 39. Kf3 c5 40. bxc6 Qxc6 {And now ...d4+ would win.} 41. Bd4 Kf7 42. f5 Bxd4 43. Qxd4 (43. fxg6+ {is more complex.} Kf6 44. Qxd4+ Kxg6 45. h4 b5 46. Qe5) 43... gxf5 {The position is equal.} 44. gxf5 $14 {[%mdl 4096] Endgame KQ-KQ} Qd6 45. a3 Qc6 46. h4 h5 47. Kf4 Qh6+ 48. Kf3 Qc6 49. Kf4 Qh6+ 50. Kf3 Qc6 51. Kf4 Qh6+ {Accuracy: White = 31%, Black = 45%.} 1/2-1/2

[Event "FIDE Zonal 2.5 Open 2019"]
[Site "Montevideo"]
[Date "2019.04.15"]
[Round "4.13"]
[White "Coppola, Claudio"]
[Black "Vazquez, Facundo"]
[Result "1-0"]
[WhiteElo "2238"]
[BlackElo "2009"]
[Annotator "TA"]
[PlyCount "53"]
[EventDate "2019.04.13"]
[EventType "swiss"]
[EventCountry "URU"]
[SourceTitle "playchess.com"]
[Source "ChessBase"]
[SourceQuality "1"]

{[%evp 12,53,19,5,67,18,28,43,89,83,74,73,80,77,81,0,0,0,99,29,166,163,120,98,119,98,164,108,567,552,548,506,605,676,1479,1379,1190,1190,2251,2290,5352,4510,29996,29997]} 1. d4 Nf6 2. Bf4 g6 3. Nc3 d5 4. e3 Bg7 5. h4 c5 (5... c6 6. Be2 h5 7. Nf3 Bg4 8. Ne5 Bxe2 9. Qxe2 Nbd7 10. O-O-O Rc8 11. f3 {0-1 (60) Nabaty,T (2692)-Rodshtein,M (2674) Czech Republic 2019}) 6. Nb5 {A45: Trompowsky Attack} Na6 7. c3 {LiveBook: 23 Games} c4 (7... Bg4 $11 8. Be2 Qd7) 8. Be2 {White is slightly better.} Bd7 9. a4 h6 10. b3 cxb3 11. Qxb3 O-O $146 12. Nf3 Bg4 13. Ne5 (13. Rb1 $16) 13... Bxe2 $1 $11 14. Kxe2 Nh5 {[#]} (14... Nb8 $11 {keeps the balance.}) 15. Bh2 (15. Bxh6 $1 $16 Bxh6 16. g4) 15... e6 (15... Bxe5 $11 {and Black stays safe.} 16. Bxe5 Qd7) 16. g4 $18 Nf6 17. f3 Ne8 18. Rab1 $36 {[%mdl 2048] White has strong initiative.} Bf6 (18... Nb8 $16) 19. g5 (19. Bf4 $18) 19... hxg5 $2 {[%mdl 8192]} (19... Bxe5 $16 20. Bxe5 h5) 20. hxg5 Bxg5 21. Rbg1 {[%cal Bb1g1,Bg1g6,Bg6g7][%mdl 32]} Ng7 {[#]} 22. Nd6 $1 {[%mdl 512]} Be7 (22... Qxd6 23. Nxg6) 23. Ndxf7 Rxf7 24. Nxg6 {Threatens to win with Bc7.} Rf6 25. Qxb7 Rxg6 26. Rxg6 {Intending Rhg1 and mate.} Qb6 {[#]} 27. Rxg7+ $1 {[%mdl 512] Precision: White = 49%, Black = 18%.} 1-0

[Event "FIDE Zonal 2.5 Open 2019"]
[Site "Montevideo"]
[Date "2019.04.15"]
[Round "4.14"]
[White "Kropff, Ricardo"]
[Black "Suarez, Pedro"]
[Result "0-1"]
[WhiteElo "2220"]
[BlackElo "2019"]
[Annotator "TA"]
[PlyCount "48"]
[EventDate "2019.04.13"]
[EventType "swiss"]
[EventCountry "URU"]
[SourceTitle "playchess.com"]
[Source "ChessBase"]
[SourceQuality "1"]

{[%evp 9,48,8,7,0,26,0,4,0,5,-53,0,-6,-2,-107,-107,-173,-174,-168,-168,-188,-172,-189,-202,-181,-14,-11,0,0,0,-50,-46,-34,110,-148,-160,-758,-756,-750,-735,-740,-708]} 1. e4 d6 2. Nc3 Nf6 3. g3 e5 4. Bg2 g6 5. d3 Bg7 6. f4 {B06: Modern Defence} c6 7. Nf3 Nbd7 8. O-O {The position is equal.} O-O 9. h3 (9. Kh1 $11) 9... Nh5 10. Kh2 exf4 11. gxf4 (11. g4 $1 $11 {was the only way to keep the balance.}) (11. g4 Ng3 12. Rf2 f5 13. exf5 gxf5 14. Bxf4 fxg4 15. Bxg3 gxf3 16. Rxf3 Rxf3 17. Qxf3 {½-½ (36) Popov,I (2599)-Seliverstov,V (2355) Moscow 2012}) 11... f5 $17 12. Ne2 $146 (12. Ng1 $17) ({Predecessor:} 12. Ng5 Ndf6 13. e5 dxe5 14. fxe5 Ne8 15. d4 {0-1 (68) Lomako,A (2248)-Lukanov,V (2193) Krasnoyarsk 2011}) 12... fxe4 $19 13. dxe4 Qe7 $1 14. c3 Nc5 ({Don't play} 14... Qxe4 15. Re1 $15) 15. e5 dxe5 16. fxe5 Rxf3 $2 (16... Be6 $19 {And now ...Bc4 would win.} 17. Bg5 Bxe5+ $1 {[%mdl 512]} 18. Nxe5 Qxg5) 17. Rxf3 $11 Bxe5+ 18. Kg1 Bf5 19. Nd4 Be4 20. Rf2 Qh4 {[#]} (20... Re8 $15 {keeps the upper hand.} 21. Bxe4 Nxe4) 21. Qg4 $2 {[%mdl 8192] [#]} (21. Nf3 $1 $16 {[%cal Rf3h4] is necessary to keep the advantage.} Bxf3 22. Qxf3) 21... Bh2+ $1 $17 {[%mdl 512]} 22. Kf1 $2 (22. Kxh2 $17 Qxf2 23. b4) 22... Qxg4 {Black is clearly winning.} 23. hxg4 Ng3+ 24. Ke1 Nd3+ {[%mdl 64] Double Attack. Accuracy: White = 22%, Black = 48%.} 0-1

[Event "FIDE Zonal 2.5 Open 2019"]
[Site "Montevideo"]
[Date "2019.04.15"]
[Round "4.15"]
[White "Carvalho, Guillermo"]
[Black "Lanzilotta, Marcelo"]
[Result "1/2-1/2"]
[WhiteElo "2194"]
[BlackElo "1972"]
[Annotator "TA"]
[PlyCount "50"]
[EventDate "2019.04.13"]
[EventType "swiss"]
[EventCountry "URU"]
[SourceTitle "playchess.com"]
[Source "ChessBase"]
[SourceQuality "1"]

{[%evp 14,50,68,18,24,14,15,0,0,4,3,12,31,28,24,25,36,24,37,27,40,15,33,32,56,48,74,46,43,52,67,56,60,50,64,0,51,0,70]} 1. Nf3 Nf6 2. c4 c6 3. e3 d5 4. d4 Bf5 5. Bd3 Bxd3 6. Qxd3 g6 7. Nc3 Bg7 8. O-O O-O {D94: Grünfeld: 4 Nf3 Bg7 5 e3} 9. Rd1 $146 ({Predecessor:} 9. h3 Re8 10. Bd2 e6 11. e4 dxe4 12. Nxe4 Nxe4 13. Qxe4 Nd7 14. Bc3 Qc7 15. Rfe1 c5 16. d5 Bxc3 17. bxc3 {1-0 (41) Mary,P (2411)-Glinz,G (2483) ICCF email 2008}) 9... Nbd7 10. e4 dxe4 11. Nxe4 Nxe4 12. Qxe4 Nf6 13. Qe2 Qc7 14. g3 Rfe8 15. Bf4 Qd7 16. Kg2 Rad8 17. Be5 Qf5 18. Rd3 g5 19. Re1 e6 20. Rb3 Re7 21. h3 Red7 22. g4 Qg6 $1 23. Bg3 Ne8 $1 24. Be5 Nf6 25. Bg3 {[#] aiming for Ne5.} Ne8 $1 {Accuracy: White = 48%, Black = 64%.} 1/2-1/2

[Event "FIDE Zonal 2.5 Open 2019"]
[Site "Montevideo"]
[Date "2019.04.15"]
[Round "4.16"]
[White "Curia, Santiago Jose"]
[Black "Adasme Fredes, Mauricio"]
[Result "1-0"]
[WhiteElo "1989"]
[BlackElo "2086"]
[Annotator "NA RC"]
[PlyCount "93"]
[EventDate "2019.04.13"]
[EventType "swiss"]
[EventCountry "URU"]
[SourceTitle "playchess.com"]
[Source "ChessBase"]
[SourceQuality "1"]
[TimeControl "40/5400+30:1800+30"]

1. e4 {[%emt 0:00:00]} c5 {[%emt 0:01:03]} 2. Nf3 {[%emt 0:00:00]} e6 {[%emt 0:00:05]} 3. d3 {[%emt 0:00:00]} Nc6 {[%emt 0:00:34]} 4. g3 {[%emt 0:00:00]} Nge7 {[%emt 0:01:41]} 5. Bg2 {[%emt 0:00:14]} g6 {[%emt 0:00:07]} 6. O-O {[%emt 0:00:10]} Bg7 {[%emt 0:00:03]} 7. Re1 {[%emt 0:00:18]} d6 {[%emt 0:00:14]} 8. c3 {[%emt 0:00:30]} O-O {[%emt 0:00:15]} 9. a3 {[%emt 0:03:50]} e5 {[%emt 0:02:19]} 10. b4 {[%emt 0:00:30]} h6 {[%emt 0:01:35]} 11. b5 {[%emt 0:00:34] A04: Unusual lines after 1 Nf3 and King's Indian Attack} Na5 {[%emt 0:00:31]} 12. c4 {[%emt 0:00:07]} a6 $146 {[%emt 0:01:56]} ({Predecessor:} 12... f5 13. Nc3 f4 14. h3 g5 15. Nh2 Bd7 16. Bd2 Qc8 17. g4 b6 18. Ra2 Rf7 {½-½ (79) Nevednichy,V (2590)-Ivanisevic,I (2619) Kozloduy 2013}) 13. a4 {[%emt 0:02:14]} f5 {[%emt 0:00:56]} 14. Ra2 {[%emt 0:07:27]} Kh7 {[%emt 0:07:31]} 15. Qc2 {[%emt 0:06:23]} Be6 {[%emt 0:04:26]} 16. Nbd2 {[%emt 0:03:14]} f4 {[%emt 0:00:24]} 17. gxf4 {[%emt 0:02:14]} exf4 {[%emt 0:00:10]} 18. e5 {[%emt 0:00:10]} d5 {[%emt 0:00:54]} 19. d4 {[%emt 0:13:44]} (19. Ra3 $11 {remains equal.}) 19... Nxc4 {[%emt 0:10:53]} 20. Nxc4 {[%emt 0:00:16]} dxc4 {[%emt 0:00:02]} 21. dxc5 {[%emt 0:00:36]} Qd3 {[%emt 0:07:03]} 22. Rd1 {[%emt 0:06:32]} Qxc2 {[%emt 0:00:16]} 23. Rxc2 {[%emt 0:00:14]} Rad8 {[%emt 0:00:33]} (23... axb5 $11 {keeps the balance.} 24. axb5 Ra4) 24. Rxd8 {[%emt 0:16:26]} (24. Rd6 $16 Bg8 25. bxa6 bxa6 26. Bd2) 24... Rxd8 {[%emt 0:00:03]} 25. Bxf4 {[%emt 0:00:48]} (25. Rd2 $11 Bd5 26. Bb2) 25... Rd1+ {[%emt 0:00:26]} 26. Bf1 {[%emt 0:00:04]} Bh3 $2 {[%emt 0:03:20]} (26... Bd5 $17 {keeps the pressure on.} 27. Nd2 axb5 28. axb5 g5) 27. Rc1 {[%emt 0:00:07]} Rxf1+ {[%emt 0:03:20]} 28. Rxf1 {[%emt 0:00:14]} Bxf1 $2 {[%emt 0:00:04]} (28... axb5 29. axb5 Nd5) 29. Kxf1 {[%emt 0:00:07]} (29. c6 $142 Nxc6 30. bxc6 (30. Kxf1 axb5 31. axb5 Ne7 $15) 30... bxc6 31. Kxf1) 29... g5 $2 {[%emt 0:00:18] [#]} (29... axb5 {was worth a try.} 30. axb5 g5) 30. c6 $1 {[%emt 0:10:24]} bxc6 {[%emt 0:00:26]} 31. bxa6 {[%emt 0:00:20]} Nc8 {[%emt 0:00:17]} 32. Be3 {[%emt 0:00:07]} g4 {[%emt 0:00:23]} 33. Ne1 {[%emt 0:01:58]} Bxe5 {[%emt 0:00:17]} 34. a7 {[%emt 0:00:01]} Nxa7 {[%emt 0:00:12]} 35. Bxa7 {[%emt 0:00:03]} Bxh2 {[%emt 0:00:20]} 36. a5 {[%emt 0:01:04]} Kg6 {[%emt 0:01:00]} 37. a6 {[%emt 0:02:06]} h5 {[%emt 0:03:17]} 38. Bd4 {[%emt 0:04:20]} Bb8 {[%emt 0:00:08]} 39. Nc2 {[%emt 0:00:04]} Kf5 {[%emt 0:00:51]} 40. Nb4 {[%emt 0:00:12]} Ke4 {[%emt 0:00:39]} 41. Nxc6 {[%emt 0:34:39]} h4 {[%emt 0:33:20]} 42. Nxb8 {[%emt 0:00:16]} Kxd4 {[%emt 0:00:06]} 43. a7 {[%emt 0:00:16]} c3 {[%emt 0:00:08]} 44. a8=Q {[%emt 0:00:26]} c2 {[%emt 0:00:14]} 45. Qa1+ {[%emt 0:00:07]} Kc4 {[%emt 0:00:34]} 46. Qc1 {[%emt 0:00:07]} Kc3 {[%emt 0:00:09]} 47. Nd7 {[%emt 0:00:10]} 1-0

[Event "FIDE Zonal 2.5 Open 2019"]
[Site "Montevideo"]
[Date "2019.04.15"]
[Round "4.17"]
[White "Restuccia, Francisco"]
[Black "Moccero, Eduardo"]
[Result "1/2-1/2"]
[WhiteElo "2100"]
[BlackElo "1939"]
[Annotator "TA"]
[PlyCount "55"]
[EventDate "2019.04.13"]
[EventType "swiss"]
[EventCountry "URU"]
[SourceTitle "playchess.com"]
[Source "ChessBase"]
[SourceQuality "1"]

{[%evp 9,55,-21,-2,-24,-22,-24,-28,-31,-31,-19,-15,-29,-20,-28,-22,-37,-37,-32,-27,-25,-24,-10,-17,-38,-27,-34,-19,-15,-15,-16,-2,-12,0,-35,-41,-34,-44,-48,-51,-44,0,0,0,0,0,0,0,0]} 1. e4 Nc6 2. d4 d5 3. Nc3 dxe4 4. d5 Ne5 5. Qh5 (5. Qd4 Ng6 6. Be3 e5 7. dxe6 Bxe6 8. Nge2 Nf6 9. O-O-O Qxd4 10. Nxd4 Bg4 11. Bb5+ c6 12. Nxc6 a6 13. Ba4 Bxd1 14. Rxd1 {1-0 (29) Jobava,B (2705)-Oleksienko,M (2622) Al Ain 2013}) 5... Ng6 $146 ({Predecessor:} 5... Nd7 6. Bg5 g6 7. Qh4 Bg7 8. Nge2 h6 9. Be3 Ngf6 10. Bd4 g5 11. Qg3 c5 12. dxc6 bxc6 {0-1 (52) Ledo Garcia,J-Jerez Perez,A (2280) Badalona 1994}) 6. Nxe4 {B00: Queen's Fianchetto Defence, Nimzowitsch Defence} Nf6 7. Nxf6+ exf6 8. Bb5+ {Black has an edge.} Bd7 $1 {[%cal Rd7b5]} 9. Qe2+ Be7 10. Nf3 O-O 11. O-O Re8 12. Qc4 a6 13. Bxd7 Qxd7 14. Be3 Ne5 15. Nxe5 fxe5 16. h3 Bd6 17. Qb3 b5 18. c4 bxc4 19. Qxc4 h6 20. Rac1 Qf5 21. Qg4 (21. Rfd1 {feels hotter.} a5 22. b3 e4 23. Qe2 Qe5 24. g3) 21... Qxg4 22. hxg4 Reb8 23. Rc2 Rb5 24. Rd1 Rab8 25. b3 {The position is equal.} Kf8 26. Kf1 Ke7 27. Ke2 Kd7 28. Kf3 {Accuracy: White = 61%, Black = 67%.} 1/2-1/2